00924nam a22002177a 4500001000500000005001700005020001800022040001500040082000800055100002100063245008900084250006400173260003700237300002200274490002100296505000600317520032600323521002700649521001800676650001200694147420250110101742.0 a9781899762224 aFISKHbeng a591 aCarwardine, Mark aPrickly and soft animals /cIllustrated by Martin Camm, John Francis and Dick Twinny aThis edition first published 1997 by Hours Editions Limited aLondon :bIlex Publishers,c1988 a24 pages :c19 cm 3Animal Opposites aF a"This set of charmingly written and beautifully illustrated books makes an ideal introduction to the delightful world of animals. A wide variety of animals, their basic features and habits, are brought alive using the simple concept of opposites, couples with artwork that is full of character ad colour." - the publisher a420 bLexile estimate aF bRaz-Plus aanimals